[Event "Olympiad Women-45"]
[Site "Budapest"]
[Date "2024.09.11"]
[Round "1.9"]
[White "Muratet Carmona, Alexandra"]
[Black "Schulze, Lara"]
[Result "0-1"]
[WhiteElo "1796"]
[BlackElo "2283"]
[PlyCount "54"]
[EventDate "2024.09.11"]
[EventType "team-swiss"]
[EventRounds "11"]
[EventCountry "HUN"]
[SourceTitle "EXT 2025"]
[Source "ChessBase"]
[SourceDate "2024.10.14"]
[SourceVersion "1"]
[SourceVersionDate "2024.10.14"]
[SourceQuality "1"]
[WhiteTeam "Andorra (W)"]
[BlackTeam "Germany (W)"]
[WhiteTeamCountry "AND"]
[BlackTeamCountry "GER"]

1. e4 c5 2. Nf3 d6 3. d4 cxd4 4. Nxd4 Nf6 5. Nc3 Nc6 6. Bg5 e6 7. Qd2 a6 8. 0-0-0 Bd7 9. Kb1 Nxd4 10. Qxd4 Be7 11. f4 Bc6 12. Rg1 Qa5 13. g4 h6 14. Bh4 g5 15. fxg5 hxg5 16. Be1 Qe5 17. Qxe5 dxe5 18. Bd3 Bc5 19. Rg2 Be3 20. Bd2 Bf4 21. Rf1 Rd8 22. Bc1 Rh4 23. Rgf2 Nxg4 24. Re2 Ke7 25. Nd1 Nxh2 26. Rff2 Ng4 27. Rg2 Rh1 0-1

[Event "Las Palmas Montalvo Memorial 8th"]
[Site "Las Palmas"]
[Date "2015.03.30"]
[Round "1"]
[White "Gutierrez Olivares, Daniel"]
[Black "Muratet Carmona, Alexandra"]
[Result "1-0"]
[WhiteElo "2309"]
[BlackElo "1683"]
[PlyCount "64"]
[EventDate "2015.03.30"]
[EventType "swiss"]
[EventRounds "9"]
[EventCountry "ESP"]
[SourceTitle "EXT 2016"]
[Source "ChessBase"]
[SourceDate "2015.10.08"]
[SourceVersion "1"]
[SourceVersionDate "2015.10.08"]
[SourceQuality "1"]

1. c4 e6 2. Nf3 d5 3. g3 Nf6 4. Bg2 Be7 5. 0-0 Nbd7 6. b3 b6 7. Bb2 Bb7 8. Nc3 c5 9. e3 0-0 10. d3 Qc7 11. Qe2 Rfd8 12. e4 Nf8 13. Nb5 Qc8 14. exd5 a6 15. Nc3 Ng6 16. Na4 Rd6 17. Bh3 b5 18. Nc3 Qd8 19. Ne4 Nxe4 20. dxe4 exd5 21. cxd5 Bc8 22. Bg2 f5 23. Ne5 Nxe5 24. Bxe5 Rg6 25. exf5 Bxf5 26. d6 Ra7 27. dxe7 Rxe7 28. Rad1 Qe8 29. f4 Bg4 30. Bd5+ Kh8 31. Bf3 Bh3 32. Rfe1 Bg4 1-0

[Event "Catalunya-ch (Women) 72nd"]
[Site "Barcelona"]
[Date "2014.04.18"]
[Round "2"]
[White "Muratet Carmona, Alexandra"]
[Black "Cardo Llagostera, Joana Llum"]
[Result "1/2-1/2"]
[WhiteElo "1904"]
[BlackElo "1883"]
[PlyCount "80"]
[EventDate "2014.04.18"]
[EventType "swiss"]
[EventRounds "6"]
[EventCountry "ESP"]
[SourceTitle "EXT 2016"]
[Source "ChessBase"]
[SourceDate "2015.10.08"]
[SourceVersion "1"]
[SourceVersionDate "2015.10.08"]
[SourceQuality "1"]

1. e4 c5 2. Nf3 d6 3. c3 Nf6 4. Qc2 e6 5. d4 cxd4 6. cxd4 Be7 7. Nc3 a6 8. Bd3 b5 9. a3 Bb7 10. Be3 Nbd7 11. h3 Rc8 12. Qe2 0-0 13. g4 Nb6 14. Nd2 Nfd7 15. Rg1 e5 16. d5 Bg5 17. Nd1 Bxe3 18. Nxe3 Nc5 19. Bc2 Qd7 20. f3 Rc7 21. Kf2 Rfc8 22. b3 Qd8 23. Kg2 Ncd7 24. Ndf1 Nf6 25. Ng3 h6 26. h4 g6 27. Kh1 Qd7 28. Qg2 Rc3 29. Nh5 Qe7 30. Nf5 Qd8 31. Nxh6+ Kf8 32. Bd1 Nxh5 33. gxh5 Qxh4+ 34. Qh2 Qxh2+ 35. Kxh2 gxh5 36. Nf5 Rd8 37. Rg2 Nc8 38. Rc2 Rxc2+ 39. Bxc2 Ne7 40. Ne3 Ng6 1/2-1/2

[Event "Catalunya-ch (Women) 72nd"]
[Site "Barcelona"]
[Date "2014.04.18"]
[Round "1"]
[White "Norte Garcia, Andrea"]
[Black "Muratet Carmona, Alexandra"]
[Result "1-0"]
[WhiteElo "2117"]
[BlackElo "1904"]
[PlyCount "51"]
[EventDate "2014.04.18"]
[EventType "swiss"]
[EventRounds "6"]
[EventCountry "ESP"]
[SourceTitle "EXT 2016"]
[Source "ChessBase"]
[SourceDate "2015.10.08"]
[SourceVersion "1"]
[SourceVersionDate "2015.10.08"]
[SourceQuality "1"]

1. e4 c5 2. Nf3 e6 3. d4 cxd4 4. Nxd4 a6 5. c4 Qc7 6. a3 Nc6 7. Nc3 Nf6 8. Be2 Be7 9. 0-0 e5 10. Nf5 Rg8 11. Bg5 d6 12. Bxf6 gxf6 13. Nd5 Qd8 14. Nfxe7 Rg7 15. Nxc8 Rxc8 16. Qd2 Nd4 17. Bd1 Rxc4 18. Qh6 Rg6 19. Qxh7 Ne6 20. Qh8+ Kd7 21. Qxd8+ Kxd8 22. Bb3 Rc5 23. Rfc1 Rb5 24. Rc3 Nd4 25. Bd1 f5 26. Rac1 1-0

[Event "Barcelona Sant Marti op-B 15th"]
[Site "Barcelona"]
[Date "2013.07.14"]
[Round "2"]
[White "Muratet Carmona, Alexandra"]
[Black "Navarro Pastor, Raul"]
[Result "1-0"]
[WhiteElo "1705"]
[BlackElo "1448"]
[PlyCount "123"]
[EventDate "2013.07.13"]
[EventType "swiss"]
[EventRounds "9"]
[EventCountry "ESP"]
[SourceTitle "CBM 155 Extra"]
[Source "ChessBase"]
[SourceDate "2013.08.26"]
[SourceVersion "1"]
[SourceVersionDate "2013.08.26"]
[SourceQuality "1"]

1. e4 e6 2. d4 d5 3. exd5 exd5 4. Bd3 Bd6 5. Ne2 c5 6. dxc5 Bxc5 7. Ng3 Nf6 8. Qe2+ Be6 9. 0-0 Qb6 10. h3 0-0 11. Nh5 Nbd7 12. c3 Rfe8 13. Qf3 Nxh5 14. Qxh5 Nf6 15. Qh4 Ne4 16. b4 Bd6 17. Be3 Qc6 18. a4 Be7 19. Qh5 Nf6 20. Qf3 Qc7 21. Bd4 Rab8 22. Nd2 Rec8 23. Rfe1 a5 24. Be5 Bd6 25. Bxf6 gxf6 26. Qxf6 Qxc3 27. Qg5+ Qg7 28. Qxg7+ Kxg7 29. bxa5 Bb4 30. Red1 Bxa5 31. Nb3 Bb4 32. Rac1 Bc3 33. Bb5 Kf6 34. Kf1 Bb2 35. Rxc8 Rxc8 36. Rd2 Ba3 37. Ke2 Kf5 38. Ra2 Bb4 39. Rb2 Ba3 40. Ra2 Bb4 41. Rb2 Bd6 42. g4+ Kf4 43. Nd4 Be5 44. Nxe6+ fxe6 45. Rb4+ Kg5 46. Bd7 Rc2+ 47. Kd3 Rxf2 48. Bxe6 Rf3+ 49. Ke2 Rxh3 50. Bxd5 Ra3 51. Bxb7 Kh4 52. Re4 Bc3 53. Bc8 Bf6 54. Bd7 Bd8 55. Re3 Rxa4 56. Bxa4 Kxg4 57. Bd7+ Kf4 58. Rf3+ Kg5 59. Ke3 Bc7 60. Ke4 h5 61. Rf5+ Kg4 62. Rc5+ 1-0

[Event "Mollet del Valles op 2nd"]
[Site "Mollet del Valles"]
[Date "2011.06.18"]
[Round "8"]
[White "Muratet Carmona, Alexandra"]
[Black "Lopez Gomez, Antonio"]
[Result "1/2-1/2"]
[WhiteElo "1674"]
[BlackElo "1805"]
[PlyCount "94"]
[EventDate "2011.04.30"]
[EventType "swiss"]
[EventRounds "8"]
[EventCountry "ESP"]
[SourceTitle "EXT 2024"]
[Source "ChessBase"]
[SourceDate "2023.10.10"]
[SourceVersion "1"]
[SourceVersionDate "2023.10.10"]
[SourceQuality "1"]

1. e4 e5 2. Nf3 Nc6 3. Bc4 Bc5 4. c3 d6 5. d4 exd4 6. cxd4 Bb4+ 7. Nc3 h6 8. 0-0 Bg4 9. Be2 Bxc3 10. bxc3 Nf6 11. Bb2 0-0 12. Qc2 Re8 13. d5 Bxf3 14. Bxf3 Ne5 15. Be2 Ng6 16. c4 Nf4 17. Bf3 Nh7 18. Kh1 Ng5 19. Rg1 Qe7 20. Rae1 f6 21. h4 Nf7 22. Qd2 Ng6 23. Bh5 Nge5 24. Qe2 f5 25. g3 g6 26. Bf3 Nxf3 27. Qxf3 fxe4 28. Qg4 Kh7 29. f4 e3 30. Rg2 Qe4 31. h5 Qf5 32. Qxf5 gxf5 33. g4 fxg4 34. Rxg4 Rg8 35. Rxg8 Rxg8 36. Rxe3 Rc8 37. Re7 Kg8 38. Kg2 a6 39. Kf3 b5 40. cxb5 axb5 41. Ke4 Kf8 42. Re6 c5 43. dxc6 Rxc6 44. Kd3 Rc5 45. Ba3 Rxh5 46. Bxd6+ Nxd6 47. Rxd6 Ke7 1/2-1/2

[Event "Catalunya-ch (Women)"]
[Site "Barbera del Valles"]
[Date "2010.12.06"]
[Round "4"]
[White "Castellet Menchon, Cora"]
[Black "Muratet Carmona, Alexandra"]
[Result "1/2-1/2"]
[WhiteElo "1703"]
[BlackElo "1681"]
[PlyCount "84"]
[EventDate "2010.12.04"]
[EventType "swiss"]
[EventRounds "6"]
[EventCountry "ESP"]
[SourceTitle "EXT 2019"]
[Source "ChessBase"]
[SourceDate "2018.10.10"]
[SourceVersion "1"]
[SourceVersionDate "2018.10.10"]
[SourceQuality "1"]

1. e4 c5 2. Nf3 e6 3. d4 cxd4 4. Nxd4 Nc6 5. Nb5 a6 6. Nd6+ Bxd6 7. Qxd6 Qf6 8. Nc3 Nge7 9. h4 Qd4 10. Qg3 Nb4 11. Bd3 Nxd3+ 12. cxd3 0-0 13. Be3 Qb4 14. 0-0-0 f5 15. h5 Rf7 16. h6 d5 17. hxg7 Rxg7 18. Qh4 Ng6 19. Qd8+ Qf8 20. Qxf8+ Nxf8 21. g3 b5 22. a3 Bb7 23. exd5 exd5 24. Rh5 d4 25. Bxd4 Rd7 26. Be3 Bf3 27. Rg5+ Rg7 28. Rxg7+ Kxg7 29. Re1 Ne6 30. Ne2 Rd8 31. Kc2 Rc8+ 32. Kd2 Nc5 33. Bxc5 Rxc5 34. Nf4 Kf7 35. Re6 Bb7 36. Rb6 Bc8 37. d4 Rc4 38. Kd3 Rc7 39. Nd5 Rc4 40. Nb4 a5 41. Nd5 Bd7 42. a4 Rxa4 1/2-1/2

[Event "Catalunya-ch U20"]
[Site "Vila Seca"]
[Date "2010.04.03"]
[Round "5"]
[White "Muratet Carmona, Alexandra"]
[Black "Molinero Gomez, Sandra"]
[Result "0-1"]
[WhiteElo "1682"]
[BlackElo "1832"]
[PlyCount "78"]
[EventDate "2010.03.31"]
[EventType "swiss"]
[EventRounds "9"]
[EventCountry "ESP"]
[SourceTitle "CBM 135 Extra"]
[Source "ChessBase"]
[SourceDate "2010.05.04"]
[SourceVersion "1"]
[SourceVersionDate "2010.05.04"]
[SourceQuality "1"]

1. e4 e5 2. Nf3 d6 3. c3 Nf6 4. Be2 Nbd7 5. d3 Be7 6. 0-0 d5 7. exd5 Nxd5 8. Nbd2 Nf4 9. Nxe5 Nh3+ 10. gxh3 Nxe5 11. d4 Ng6 12. Bg4 Nf4 13. Qf3 Ng6 14. Bxc8 Qxc8 15. Nc4 0-0 16. Kh1 Qe6 17. Ne3 Rad8 18. Re1 Nh4 19. Qg4 Qf6 20. f4 Qc6+ 21. Ng2 f5 22. Qe2 Rd6 23. Rf1 Rg6 24. Rf2 Re6 25. Be3 Rff6 26. Rg1 Rg6 27. Qd2 Nf3 28. Rxf3 Qxf3 29. Qf2 Qxf2 30. Bxf2 Re2 31. Bh4 Rexg2 32. Rxg2 Bxh4 33. Rxg6 hxg6 34. Kg2 Kf7 35. d5 Ke7 36. b4 b5 37. Kf3 Kd6 38. Ke3 Kxd5 39. Kd3 a6 0-1

[Event "Catalunya-ch U20"]
[Site "Vila Seca"]
[Date "2010.04.01"]
[Round "2"]
[White "Muratet Carmona, Alexandra"]
[Black "Ezquerro Luque, Albert"]
[Result "0-1"]
[WhiteElo "1682"]
[BlackElo "1960"]
[PlyCount "82"]
[EventDate "2010.03.31"]
[EventType "swiss"]
[EventRounds "9"]
[EventCountry "ESP"]
[SourceTitle "CBM 135 Extra"]
[Source "ChessBase"]
[SourceDate "2010.05.04"]
[SourceVersion "1"]
[SourceVersionDate "2010.05.04"]
[SourceQuality "1"]

1. e4 e5 2. Nf3 Nc6 3. Bc4 Bc5 4. c3 Nf6 5. d3 d6 6. 0-0 0-0 7. b4 Bb6 8. a4 a6 9. Nbd2 Be6 10. Bxe6 fxe6 11. Qb3 Qd7 12. Nc4 Ba7 13. b5 axb5 14. Qxb5 Bc5 15. d4 exd4 16. cxd4 Nxd4 17. Nxd4 Bxd4 18. Bb2 Qxb5 19. axb5 Bxb2 20. Rxa8 Rxa8 21. Nxb2 Nxe4 22. Nd3 b6 23. Rc1 Nc5 24. Nb4 Ra5 25. Nc6 Rxb5 26. Kf1 Rb2 27. Nd4 e5 28. Ne2 Kf7 29. f4 e4 30. Nc3 Ke6 31. Nd1 Rd2 32. Ne3 d5 33. Ra1 g6 34. Ra7 Kd6 35. f5 gxf5 36. Nxf5+ Kc6 37. Ne3 d4 38. Nc4 Rc2 39. Ne5+ Kd5 40. Ng4 e3 41. Rxc7 e2+ 0-1

[Event "Catalunya-ch U20"]
[Site "Vila Seca"]
[Date "2010.03.31"]
[Round "1"]
[White "Sanchez Ibern, Eric"]
[Black "Muratet Carmona, Alexandra"]
[Result "1-0"]
[WhiteElo "2072"]
[BlackElo "1682"]
[PlyCount "51"]
[EventDate "2010.03.31"]
[EventType "swiss"]
[EventRounds "9"]
[EventCountry "ESP"]
[SourceTitle "CBM 135 Extra"]
[Source "ChessBase"]
[SourceDate "2010.05.04"]
[SourceVersion "1"]
[SourceVersionDate "2010.05.04"]
[SourceQuality "1"]

1. e4 c5 2. Nf3 Nc6 3. Nc3 e6 4. d4 cxd4 5. Nxd4 Bb4 6. Nxc6 Bxc3+ 7. bxc3 bxc6 8. Bd3 Ne7 9. 0-0 d5 10. e5 Ng6 11. Re1 c5 12. Qf3 Qc7 13. c4 Bb7 14. cxd5 Qa5 15. Qe2 Bxd5 16. Bb5+ Ke7 17. Bg5+ f6 18. exf6+ gxf6 19. Rad1 Qxa2 20. Be3 Rac8 21. c4 Qxe2 22. Rxe2 Be4 23. Rd7+ Kf8 24. Bh6+ Ke8 25. Rxe4 Ne7 26. Rxe6 1-0

[Event "Catalunya-ch (Women)"]
[Site "Girona"]
[Date "2009.12.28"]
[Round "3"]
[White "Muratet Carmona, Alexandra"]
[Black "Lafuente Calvillo, Andrea"]
[Result "0-1"]
[WhiteElo "1686"]
[BlackElo "1599"]
[PlyCount "42"]
[EventDate "2009.12.27"]
[EventType "swiss"]
[EventRounds "6"]
[EventCountry "ESP"]
[SourceTitle "EXT 2019"]
[Source "ChessBase"]
[SourceDate "2018.10.10"]
[SourceVersion "1"]
[SourceVersionDate "2018.10.10"]
[SourceQuality "1"]

1. e4 c5 2. Nf3 d6 3. Bc4 Nf6 4. d3 e6 5. 0-0 Be7 6. Be3 0-0 7. Nbd2 Nbd7 8. c3 a6 9. a4 Qc7 10. d4 cxd4 11. e5 dxe3 12. exf6 exf2+ 13. Rxf2 Nxf6 14. Bd3 Ng4 15. Re2 Qc5+ 16. Nd4 e5 17. N2b3 Qa7 18. Kf1 exd4 19. Rxe7 dxc3 20. Qc2 Nxh2+ 21. Ke2 Bg4+ 0-1

[Event "Girona-ch U18"]
[Site "Girona"]
[Date "2009.01.17"]
[Round "3"]
[White "Pou Lozano, Eduard"]
[Black "Muratet Carmona, Alexandra"]
[Result "0-1"]
[WhiteElo "1590"]
[BlackElo "1682"]
[PlyCount "58"]
[EventDate "2009.01.10"]
[EventType "swiss"]
[EventRounds "6"]
[EventCountry "ESP"]
[SourceTitle "EXT 2011"]
[Source "ChessBase"]
[SourceDate "2010.11.26"]
[SourceVersion "1"]
[SourceVersionDate "2010.11.26"]
[SourceQuality "1"]

1. e4 c5 2. Nf3 Nc6 3. d4 cxd4 4. Nxd4 e6 5. Nc3 Qf6 6. Be3 Bc5 7. e5 Nxe5 8. Ncb5 Qd8 9. Qh5 d6 10. Nxd6+ Bxd6 11. 0-0-0 Nf6 12. Bg5 Nxh5 13. Bxd8 Kxd8 14. Nb5 Ng4 15. Be2 Nxf2 16. Rxd6+ Ke7 17. Rf1 a6 18. Bxh5 axb5 19. Rd4 e5 20. Rb4 g6 21. Bf3 e4 22. Be2 e3 23. Bf3 Rxa2 24. Kb1 Be6 25. Bxb7 Rd8 26. b3 Rd1+ 27. Rxd1 Nxd1 28. Bf3 Nc3+ 29. Kc1 Bf5 0-1

[Event "Catalunya-ch U20"]
[Site "Catalunya"]
[Date "2008.03.20"]
[Round "2"]
[White "Barbosa Rubies, Laia"]
[Black "Muratet Carmona, Alexandra"]
[Result "1/2-1/2"]
[WhiteElo "1843"]
[BlackElo "1720"]
[PlyCount "25"]
[EventDate "2008.03.19"]
[EventType "swiss"]
[EventRounds "9"]
[EventCountry "ESP"]
[SourceTitle "EXT 2010"]
[Source "ChessBase"]
[SourceDate "2010.11.25"]
[SourceVersion "1"]
[SourceVersionDate "2010.11.25"]
[SourceQuality "1"]

1. e4 e5 2. Nf3 Nc6 3. Bb5 a6 4. Ba4 Nf6 5. 0-0 b5 6. Bb3 h6 7. d4 Nxe4 8. dxe5 Nc5 9. Bd5 Bb7 10. Nc3 Be7 11. Be3 0-0 12. Qe2 b4 13. Ne4 1/2-1/2

[Event "Catalunya-ch U20"]
[Site "Catalunya"]
[Date "2008.03.20"]
[Round "3"]
[White "Muratet Carmona, Alexandra"]
[Black "Montiel Baeza, Alex"]
[Result "0-1"]
[WhiteElo "1720"]
[BlackElo "1863"]
[PlyCount "88"]
[EventDate "2008.03.19"]
[EventType "swiss"]
[EventRounds "9"]
[EventCountry "ESP"]
[SourceTitle "EXT 2010"]
[Source "ChessBase"]
[SourceDate "2010.11.25"]
[SourceVersion "1"]
[SourceVersionDate "2010.11.25"]
[SourceQuality "1"]

1. e4 e6 2. d4 d5 3. e5 c5 4. c3 Nc6 5. Be3 cxd4 6. cxd4 Bb4+ 7. Nc3 Nge7 8. Bd3 a6 9. Nge2 Ng6 10. 0-0 Be7 11. f4 Bd7 12. f5 exf5 13. Nxd5 Be6 14. Nxe7 Ngxe7 15. Bc2 Qd7 16. Nf4 Rd8 17. Nh5 0-0 18. Bh6 Qxd4+ 19. Qxd4 Nxd4 20. Bxg7 Nxc2 21. Bxf8 Rxf8 22. Rac1 Ne3 23. Rf3 N3d5 24. a4 a5 25. Rc4 Ng6 26. Rg3 Kh8 27. Rd4 Nxe5 28. Rh4 Ng6 29. Rd4 Rd8 30. Nf6 Kg7 31. Nh5+ Kf8 32. Nf6 Ke7 33. Nxh7 Ngf4 34. Kf2 f6 35. Rg7+ Bf7 36. g4 Ne6 37. Rxf7+ Kxf7 38. Rd1 fxg4 39. Re1 Ndc7 40. Kg3 Kg7 41. Nxf6 Kxf6 42. Kxg4 Rd4+ 43. Kg3 Rxa4 44. Rf1+ Kg5 0-1